[Event "Montcalm 5 2024-25"]
[Site "Quebec CAN"]
[Date "2025.03.13"]
[Round "4"]
[White "Bourassa, Samuel"]
[Black "Fortin, Claude"]
[Result "1-0"]
[WhiteElo "2044"]
[BlackElo "1470"]
[WhiteFideId "-1"]
[WhiteFideId "-1"]
[PlyCount "57"]
[GameId "2157619030000557"]
[EventDate "2025.02.20"]
[EventType "swiss"]
[EventRounds "5"]
[EventCountry "CAN"]

1. e4 c5 2. Nc3 Nc6 3. f4 e6 4. Nf3 d6 5. Bb5 Bd7 6. d3 Nf6 7. e5 dxe5 8. fxe5 Nd5 9. O-O Be7 10. Ne4 O-O 11. c4 Nc7 12. Ba4 Nb4 13. Nf2 Bxa4 14. Qxa4 Qc8 15. Be3 b6 16. Rad1 Qa6 17. Qd7 Bd8 18. a3 Nc2 19. Bd2 Qc8 20. Qc6 Nd4 21. Nxd4 cxd4 22. Bb4 Re8 23. Bd6 Bg5 24. Qxc7 Qa6 25. Qc6 Rac8 26. Qe4 Be3 27. Kh1 f5 28. exf6 gxf6 29. Ng4 1-0

[Event "Montcalm 5 2024-25"]
[Site "Quebec CAN"]
[Date "2025.03.13"]
[Round "4"]
[White "Cournoyer, Dominic"]
[Black "Barrera, Eduardo"]
[Result "1/2-1/2"]
[WhiteElo "1925"]
[BlackElo "1717"]
[WhiteFideId "-1"]
[WhiteFideId "-1"]
[PlyCount "110"]
[GameId "2157619029738404"]
[EventDate "2025.02.20"]
[EventType "swiss"]
[EventRounds "5"]
[EventCountry "CAN"]

1. c4 e5 2. Nc3 Nf6 3. g3 Bb4 4. Bg2 O-O 5. Nf3 Re8 6. O-O e4 7. Ng5 Bxc3 8. bxc3 h6 9. Nh3 Nc6 10. d4 Na5 11. Qa4 b6 12. c5 d6 13. cxd6 cxd6 14. c4 Bd7 15. Qb4 Qc8 16. Nf4 Nxc4 17. e3 a5 18. Qb3 a4 19. Qc2 b5 20. Re1 Qc6 21. Rb1 Rab8 22. Qd1 Bg4 23. Qc2 d5 24. h3 Bd7 25. Qd1 b4 26. Nh5 Nxh5 27. Qxh5 b3 28. axb3 axb3 29. Qe2 Qa4 30. Bb2 Bb5 31. Qd1 Qa2 32. Bc3 b2 33. Bf1 Qa3 34. Bxc4 Qxc3 35. Bxb5 Rxb5 36. Re2 Reb8 37. Qc2 Qa3 38. Qd1 Rc8 39. Rc2 Rc3 40. Rxc3 Qxc3 41. Kg2 Ra5 42. Qe2 Ra2 43. Qb5 Qc2 44. Qe8+ Kh7 45. Qxf7 Ra1 46. Qf5+ Kg8 47. Qxd5+ Kf8 48. Qf5+ Ke7 49. Qe5+ Kf7 50. Qf5+ Kg8 51. Rxb2 Qxb2 52. Qe6+ Kh7 53. Qf5+ Kg8 54. Qc8+ Kh7 55. Qf5+ Kg8 1/2-1/2

[Event "Montcalm 5 2024-25"]
[Site "Quebec CAN"]
[Date "2025.03.13"]
[Round "4"]
[White "Drolet, Stephane"]
[Black "Laflamme, Simon"]
[Result "0-1"]
[WhiteElo "2038"]
[BlackElo "1758"]
[WhiteFideId "-1"]
[WhiteFideId "-1"]
[PlyCount "90"]
[GameId "2157619030000550"]
[EventDate "2025.02.20"]
[EventType "swiss"]
[EventRounds "5"]
[EventCountry "CAN"]

1. d4 d5 2. c4 e6 3. Nf3 Nf6 4. g3 Bb4+ 5. Bd2 Be7 6. Bg2 c6 7. Qc2 O-O 8. O-O Nbd7 9. Bf4 b6 10. Nbd2 Bb7 11. e4 dxe4 12. Nxe4 Nxe4 13. Qxe4 Nf6 14. Qe2 c5 15. dxc5 Bxc5 16. Rad1 Qe7 17. Bg5 Rfd8 18. Ne5 Bxg2 19. Kxg2 Qb7+ 20. Qf3 Qxf3+ 21. Kxf3 Rdc8 22. Nd7 Nxd7 23. Rxd7 f6 24. Bf4 e5 25. Bc1 Bd4 26. b3 Rd8 27. Rxd8+ Rxd8 28. Rd1 Rc8 29. Be3 Bxe3 30. Kxe3 Rc7 31. Ke4 Kf7 32. Rd5 Ke6 33. a4 f5+ 34. Kd3 Rd7 35. Rxd7 Kxd7 36. b4 Kc6 37. f3 a5 38. bxa5 bxa5 39. h4 Kc5 40. Kc3 h5 41. Kd3 g6 42. Kc3 e4 43. fxe4 fxe4 44. Kd2 Kxc4 45. Ke3 Kd5 0-1

[Event "Montcalm 5 2024-25"]
[Site "Quebec CAN"]
[Date "2025.03.13"]
[Round "4"]
[White "Dube, Dominic"]
[Black "Yergeau, Samuel"]
[Result "1-0"]
[WhiteElo "1841"]
[BlackElo "1246"]
[WhiteFideId "-1"]
[WhiteFideId "-1"]
[PlyCount "49"]
[GameId "2157619030000555"]
[EventDate "2025.02.20"]
[EventType "swiss"]
[EventRounds "5"]
[EventCountry "CAN"]

1. e4 e5 2. Nf3 Nc6 3. Bb5 a6 4. Ba4 Nf6 5. d3 d6 6. h3 b5 7. Bb3 Na5 8. Nc3 Nxb3 9. axb3 Be7 10. Nxb5 Bb7 11. Nc3 O-O 12. O-O Re8 13. Nh2 Bc8 14. f4 Bf8 15. f5 h6 16. Ng4 c6 17. Nxf6+ Qxf6 18. Qh5 Be7 19. Be3 Bb7 20. Nd1 d5 21. Nf2 Qh4 22. Qf3 Qf6 23. Ng4 Qd6 24. f6 h5 25. fxg7 1-0

[Event "Montcalm 5 2024-25"]
[Site "Quebec CAN"]
[Date "2025.03.13"]
[Round "4"]
[White "Dumont, Eric"]
[Black "Chabot, Sebastien"]
[Result "1-0"]
[WhiteElo "1700"]
[BlackElo "1240"]
[WhiteFideId "-1"]
[WhiteFideId "-1"]
[PlyCount "81"]
[GameId "2157619030000556"]
[EventDate "2025.02.20"]
[EventType "swiss"]
[EventRounds "5"]
[EventCountry "CAN"]

1. d4 d5 2. Bf4 e6 3. e3 Nf6 4. Nd2 Nc6 5. Ngf3 Bd6 6. Ne5 Bd7 7. Ndf3 Qe7 8. c3 Ne4 9. Bd3 f6 10. Nxc6 Bxc6 11. Bxd6 Nxd6 12. Nd2 f5 13. Qh5+ Nf7 14. O-O g6 15. Qe2 Nd6 16. c4 Ne4 17. Nf3 Ng5 18. Ne5 Nf7 19. f4 Bd7 20. cxd5 exd5 21. Rac1 Rc8 22. Rc5 c6 23. Rfc1 Nxe5 24. fxe5 O-O 25. a3 b6 26. R5c3 Qg5 27. Ba6 Rc7 28. b4 f4 29. Rf1 Bg4 30. Qe1 Bh3 31. Rc2 Rcf7 32. Kh1 Bf5 33. exf4 Qg4 34. Be2 Bxc2 35. Bxg4 Bd3 36. Be6 Bxf1 37. Bxf7+ Rxf7 38. Qxf1 b5 39. g4 g5 40. f5 Kf8 41. Qc1 1-0

[Event "Montcalm 5 2024-25"]
[Site "Quebec CAN"]
[Date "2025.03.13"]
[Round "4"]
[White "Fahmi, Adam"]
[Black "Duguay-Piron, Simon"]
[Result "1/2-1/2"]
[WhiteElo "1614"]
[BlackElo "1912"]
[WhiteFideId "-1"]
[WhiteFideId "-1"]
[PlyCount "83"]
[GameId "2157619030000554"]
[EventDate "2025.02.20"]
[EventType "swiss"]
[EventRounds "5"]
[EventCountry "CAN"]

1. d4 d5 2. c4 e6 3. Nc3 a6 4. cxd5 exd5 5. Bf4 Nf6 6. e3 Bd6 7. Nf3 Bxf4 8. exf4 Bg4 9. Be2 Bxf3 10. Bxf3 O-O 11. O-O c6 12. Re1 Nbd7 13. Ne2 Qb6 14. Qd2 Rfe8 15. Nc3 a5 16. b3 Qb4 17. a3 Rxe1+ 18. Rxe1 Qxb3 19. a4 Rb8 20. Rb1 Qa3 21. Qc2 Qd6 22. g3 Ne8 23. Ne2 b5 24. axb5 cxb5 25. Qa2 Qb6 26. Bxd5 Nd6 27. Rc1 Nf6 28. Rc6 Qd8 29. Ra6 a4 30. Nc3 Qe7 31. Kg2 h6 32. Bf3 Nfe4 33. Nxe4 Nxe4 34. Qd5 Nf6 35. Qa2 Ne4 36. Qb2 Qb7 37. Ra5 Qb6 38. Qb4 Nd6 39. Be2 Qb7+ 40. Bf3 Qb6 41. Be2 Qb7+ 42. Bf3 1/2-1/2

[Event "Montcalm 5 2024-25"]
[Site "Quebec CAN"]
[Date "2025.03.13"]
[Round "4"]
[White "Gagne, Louis"]
[Black "Demushkina, Alina"]
[Result "0-1"]
[WhiteElo "1223"]
[BlackElo "1730"]
[WhiteFideId "-1"]
[WhiteFideId "-1"]
[PlyCount "114"]
[GameId "2157619030000559"]
[EventDate "2025.02.20"]
[EventType "swiss"]
[EventRounds "5"]
[EventCountry "CAN"]

1. d4 d5 2. Nf3 Nc6 3. e3 Nf6 4. Be2 e6 5. O-O Bd6 6. c4 dxc4 7. Bxc4 O-O 8. Nc3 Na5 9. Bd3 c5 10. b3 cxd4 11. Nxd4 Bxh2+ 12. Kxh2 Qc7+ 13. Kg1 Qxc3 14. Ba3 Nc6 15. Rc1 Qa5 16. Bxf8 Kxf8 17. Nxc6 bxc6 18. a4 Bb7 19. Rc4 Qg5 20. Qf3 Rb8 21. Qf4 Qxf4 22. Rxf4 Nd5 23. Rd4 e5 24. Re4 f6 25. f4 Nc3 26. Rc4 Nd5 27. Rf3 Ba6 28. Bxh7 Bxc4 29. bxc4 Nb6 30. fxe5 Ke7 31. Rg3 Kf8 32. exf6 Rb7 33. fxg7+ Rxg7 34. Rxg7 Kxg7 35. Bd3 Nxa4 36. Kf2 Kf6 37. Kf3 c5 38. Kf4 Nb2 39. Be2 a5 40. g4 a4 41. Bf3 a3 42. g5+ Kg7 43. Ke4 a2 44. Kd5 a1=Q 45. Kxc5 Qa7+ 46. Kd5 Qb7+ 47. Kd6 Qxf3 48. c5 Nc4+ 49. Kd7 Qxe3 50. c6 Ne5+ 51. Ke6 Nxc6+ 52. Kf5 Qe5+ 53. Kg4 Kg6 54. Kh4 Qxg5+ 55. Kh3 Nd4 56. Kh2 Ne2 57. Kh3 Qg3# 0-1

[Event "Montcalm 5 2024-25"]
[Site "Quebec CAN"]
[Date "2025.03.13"]
[Round "4"]
[White "Mercure, Gilbert"]
[Black "Sauve, Richard"]
[Result "1-0"]
[WhiteElo "1699"]
[BlackElo "1851"]
[WhiteFideId "-1"]
[WhiteFideId "-1"]
[PlyCount "67"]
[GameId "2157619030000552"]
[EventDate "2025.02.20"]
[EventType "swiss"]
[EventRounds "5"]
[EventCountry "CAN"]

1. e4 e6 2. d4 d5 3. e5 c5 4. c3 Qb6 5. Nf3 Bd7 6. Bd3 Bb5 7. O-O Bxd3 8. Qxd3 Nc6 9. dxc5 Bxc5 10. b4 Bf8 11. a4 Nge7 12. Be3 Qc7 13. Bf4 Ng6 14. Bg3 Be7 15. h4 O-O 16. Re1 Rfd8 17. Na3 a6 18. Nc2 Rac8 19. h5 Nf8 20. Rac1 Nd7 21. Ncd4 Nxd4 22. Nxd4 Nb6 23. a5 Na4 24. Ne2 Nb2 25. Qf3 Nc4 26. Nd4 Nd2 27. Qg4 Ne4 28. Bf4 Nxc3 29. Re3 Bxb4 30. Rg3 g6 31. hxg6 hxg6 32. Rh3 Be7 33. Rhxc3 Qxa5 34. Rxc8 1-0

[Event "Montcalm 5 2024-25"]
[Site "Quebec CAN"]
[Date "2025.03.13"]
[Round "4"]
[White "Michaud, Jacques"]
[Black "Sarra-Bournet, Marc"]
[Result "0-1"]
[WhiteElo "1487"]
[BlackElo "1766"]
[WhiteFideId "-1"]
[WhiteFideId "-1"]
[PlyCount "76"]
[GameId "2157619030000558"]
[EventDate "2025.02.20"]
[EventType "swiss"]
[EventRounds "5"]
[EventCountry "CAN"]

1. c4 e5 2. Nc3 Nf6 3. g3 Bc5 4. Bg2 O-O 5. Nf3 d6 6. O-O c6 7. a3 Bf5 8. d3 Nbd7 9. b4 Bb6 10. Bb2 Re8 11. e4 Bg4 12. Qd2 Nf8 13. Na4 Bc7 14. Nc3 Ne6 15. Ne2 h6 16. h3 Bh5 17. Nh4 d5 18. cxd5 cxd5 19. exd5 Nxd5 20. Nf5 Rb8 21. Nc3 Nxc3 22. Bxc3 Nd4 23. Bxd4 exd4 24. Be4 Bg6 25. Nxh6+ gxh6 26. Bxg6 fxg6 27. Qxh6 Qf6 28. f4 Re2 29. f5 Bxg3 30. Rac1 Bh2+ 31. Kh1 Qd6 32. Rf3 Bg3 33. Qxg6+ Qxg6 34. fxg6 Bd6 35. h4 Rh2+ 36. Kg1 Rxh4 37. Rcf1 Rg4+ 38. Kf2 Rxg6 {et les Noirs gagnèrent.} 0-1

[Event "Montcalm 5 2024-25"]
[Site "Quebec CAN"]
[Date "2025.03.13"]
[Round "4"]
[White "Miskic, Zdenko"]
[Black "Gaulin, Gaetan"]
[Result "1/2-1/2"]
[WhiteElo "1582"]
[BlackElo "1894"]
[WhiteFideId "-1"]
[WhiteFideId "-1"]
[PlyCount "70"]
[GameId "2157619030000551"]
[EventDate "2025.02.20"]
[EventType "swiss"]
[EventRounds "5"]
[EventCountry "CAN"]

1. e4 c6 2. d4 d5 3. Nc3 dxe4 4. Nxe4 Nd7 5. Nf3 Ngf6 6. Ng3 Qc7 7. Bc4 Nb6 8. Bb3 Bg4 9. Bxf7+ Kxf7 10. Ne5+ Kg8 11. Nxg4 Rd8 12. Qe2 Qd7 13. Nxf6+ exf6 14. c3 Re8 15. Be3 g6 16. O-O Bd6 17. Qc2 Kg7 18. Rfe1 Nc4 19. Ne4 Qf5 20. f3 Nxe3 21. Rxe3 Qf4 22. Kf2 Qxh2 23. Nxd6 Qxd6 24. Rae1 Rxe3 25. Rxe3 Rf8 26. Qb3 Rf7 27. Qe6 Qxe6 28. Rxe6 Rd7 29. Re4 Kf7 30. Kg3 h5 31. b3 Rd5 32. f4 Ra5 33. Re2 Rd5 34. Re4 Ra5 35. Re2 Rd5 1/2-1/2

[Event "Montcalm 5 2024-25"]
[Site "Quebec CAN"]
[Date "2025.03.13"]
[Round "4"]
[White "Oliver, Vance"]
[Black "Mungroo, Dharmein"]
[Result "0-1"]
[WhiteElo "1439"]
[BlackElo "1492"]
[WhiteFideId "-1"]
[WhiteFideId "-1"]
[PlyCount "70"]
[GameId "2157619030000561"]
[EventDate "2025.02.20"]
[EventType "swiss"]
[EventRounds "5"]
[EventCountry "CAN"]

1. e4 d5 2. exd5 Qxd5 3. Nc3 Qa5 4. d4 c6 5. Nf3 Bg4 6. h3 Bxf3 7. Qxf3 Nf6 8. Bc4 e6 9. a3 Nbd7 10. O-O Bd6 11. b4 Bxb4 12. Bb2 Be7 13. Rfe1 O-O 14. Ne4 Nxe4 15. Rxe4 Nf6 16. Re2 Qh5 17. Qb3 b5 18. Bd3 Nd5 19. Re5 Qh4 20. Re4 Qf6 21. Bc1 Bd6 22. Rg4 h6 23. c3 Ne7 24. Be3 Nf5 25. Qc2 Rfe8 26. a4 a6 27. Be4 Rac8 28. axb5 axb5 29. Ra6 h5 30. Bg5 Qg6 31. Qd2 hxg4 32. hxg4 Qh7 33. gxf5 Qh2+ 34. Kf1 Qh1+ 35. Ke2 exf5 0-1

[Event "Montcalm 5 2024-25"]
[Site "Quebec CAN"]
[Date "2025.03.13"]
[Round "4"]
[White "Pepin, Pierre-Luc"]
[Black "Simard, Rejean"]
[Result "1-0"]
[WhiteElo "1059"]
[BlackElo "1110"]
[WhiteFideId "-1"]
[WhiteFideId "-1"]
[PlyCount "33"]
[GameId "2157619030000563"]
[EventDate "2025.02.20"]
[EventType "swiss"]
[EventRounds "5"]
[EventCountry "CAN"]

1. d4 d5 2. Nf3 Nc6 3. c3 e6 4. Nbd2 Bd6 5. e4 Bd7 6. e5 Be7 7. Nb3 f6 8. exf6 Bxf6 9. Nc5 b6 10. Nxd7 Qxd7 11. Bb5 O-O-O 12. Qa4 Nge7 13. Bf4 Kb8 14. Be5 h6 15. O-O Kb7 16. Rfe1 Qc8 17. Ba6+ 1-0

[Event "Montcalm 5 2024-25"]
[Site "Quebec CAN"]
[Date "2025.03.13"]
[Round "4"]
[White "Plante, Rejean"]
[Black "Bergeron, Nicolas"]
[Result "1-0"]
[WhiteElo "1957"]
[BlackElo "1758"]
[WhiteFideId "-1"]
[WhiteFideId "-1"]
[PlyCount "49"]
[GameId "2157619030000553"]
[EventDate "2025.02.20"]
[EventType "swiss"]
[EventRounds "5"]
[EventCountry "CAN"]

1. c4 e5 2. g3 c6 3. Bg2 d5 4. cxd5 cxd5 5. d4 e4 6. Nc3 Nc6 7. Nh3 g6 8. O-O Bg7 9. Nf4 Nge7 10. e3 O-O 11. Rb1 Qd6 12. h4 h5 13. b4 Bg4 14. Qb3 Rfd8 15. Ba3 Qd7 16. b5 Na5 17. Qb4 Nc4 18. Qxe7 Nd2 19. Qxd7 Rxd7 20. Ncxd5 Bf3 21. Rbc1 Nxf1 22. Bxf1 Rad8 23. Bc4 Kh7 24. Bb3 Bg4 25. Be7 1-0

[Event "Montcalm 5 2024-25"]
[Site "Quebec CAN"]
[Date "2025.03.13"]
[Round "4"]
[White "Pregent, Daniel"]
[Black "Pouliot, Lewis"]
[Result "1-0"]
[WhiteElo "1686"]
[BlackElo "1451"]
[WhiteFideId "-1"]
[WhiteFideId "-1"]
[PlyCount "61"]
[GameId "2157619030000560"]
[EventDate "2025.02.20"]
[EventType "swiss"]
[EventRounds "5"]
[EventCountry "CAN"]

1. d4 d5 2. c4 c6 3. Nc3 Bf5 4. cxd5 cxd5 5. Qb3 e6 6. Qxb7 Nd7 7. Nf3 Ngf6 8. e3 Bd6 9. Nb5 Bb4+ 10. Bd2 Bxd2+ 11. Nxd2 O-O 12. Be2 Qa5 13. a3 Rfb8 14. Qc7 Nb6 15. Nd6 Bg6 16. b4 Qa4 17. Bb5 Qc2 18. Qxc2 Bxc2 19. Bc6 Ne4 20. N6xe4 dxe4 21. Bxa8 Rxa8 22. O-O Nd5 23. Rfc1 Bd3 24. Nb3 h5 25. Nc5 a5 26. Nxd3 exd3 27. b5 d2 28. Rc2 Rb8 29. a4 Nb4 30. Rxd2 Rd8 31. Rdd1 1-0

[Event "Montcalm 5 2024-25"]
[Site "Quebec CAN"]
[Date "2025.03.13"]
[Round "4"]
[White "Tremblay, Noah"]
[Black "Boissinot, Claude"]
[Result "1-0"]
[WhiteElo "1581"]
[BlackElo "1466"]
[WhiteFideId "-1"]
[WhiteFideId "-1"]
[PlyCount "37"]
[GameId "2157619030000562"]
[EventDate "2025.02.20"]
[EventType "swiss"]
[EventRounds "5"]
[EventCountry "CAN"]

1. e4 c5 2. c3 d5 3. exd5 Qxd5 4. d4 e6 5. Nf3 Nf6 6. Be2 b6 7. O-O Bb7 8. Bb5+ Nbd7 9. Bf4 Qf5 10. g3 Qg4 11. Ne5 Qh3 12. f3 Rd8 13. Qa4 Ke7 14. Qxa7 Nxe5 15. Bxe5 Rd7 16. Bxd7 Ng4 17. Rf2 Nxe5 18. dxe5 Bd5 19. Bc8+ 1-0

[Event "Montcalm 5 2024-25"]
[Site "Quebec CAN"]
[Date "2025.03.20"]
[Round "5"]
[White "Barrera, Eduardo"]
[Black "Mercure, Gilbert"]
[Result "1-0"]
[WhiteElo "1717"]
[BlackElo "1699"]
[WhiteFideId "-1"]
[WhiteFideId "-1"]
[PlyCount "104"]
[GameId "2158190158256379"]
[EventDate "2025.02.20"]
[EventType "swiss"]
[EventRounds "5"]
[EventCountry "CAN"]

1. e4 d5 2. exd5 Nf6 3. Nf3 Bg4 4. Bb5+ Nbd7 5. h3 Bxf3 6. Qxf3 a6 7. Ba4 b5 8. Bb3 Nc5 9. a4 Nxb3 10. Qxb3 Qxd5 11. Qxd5 Nxd5 12. axb5 Nb4 13. Kd1 a5 14. d4 e6 15. Bd2 c5 16. Bxb4 cxb4 17. b3 Be7 18. Nd2 O-O 19. Nc4 Rfb8 20. b6 Bd8 21. Rxa5 Rxa5 22. Nxa5 Bxb6 23. Nc6 Ra8 24. Ke2 Kf8 25. Rd1 Rc8 26. d5 exd5 27. Nxb4 Ba5 28. Nxd5 Rxc2+ 29. Ke3 Rb2 30. Rd3 f6 31. g4 Be1 32. f4 Bf2+ 33. Ke4 Re2+ 34. Ne3 Be1 35. Kd5 Bd2 36. Ke4 Rf2 37. Nd5 Re2+ 38. Kd4 Rf2 39. f5 Ke8 40. Kc5 Ba5 41. b4 Rc2+ 42. Rc3 Rxc3+ 43. Nxc3 Bc7 44. Kc6 Be5 45. Nd5 Kf7 46. b5 g6 47. b6 Bd4 48. b7 Ba7 49. Kd7 h5 50. Nc7 hxg4 51. hxg4 gxf5 52. gxf5 Bb8 1-0

[Event "Montcalm 5 2024-25"]
[Site "Quebec CAN"]
[Date "2025.03.20"]
[Round "5"]
[White "Demushkina, Alina"]
[Black "Bourassa, Samuel"]
[Result "0-1"]
[WhiteElo "1730"]
[BlackElo "2044"]
[WhiteFideId "-1"]
[WhiteFideId "-1"]
[PlyCount "80"]
[GameId "2158190158256384"]
[EventDate "2025.02.20"]
[EventType "swiss"]
[EventRounds "5"]
[EventCountry "CAN"]

1. e4 c5 2. Ne2 Nc6 3. Nbc3 g6 4. g3 Bg7 5. Bg2 e6 6. d3 Nge7 7. f4 d5 8. e5 O-O 9. d4 cxd4 10. Nxd4 Nxd4 11. Qxd4 Nf5 12. Qd3 Qb6 13. Nd1 f6 14. exf6 Bxf6 15. c3 d4 16. c4 Bd7 17. O-O Bc6 18. Bxc6 bxc6 19. Rb1 a5 20. a3 c5 21. Bd2 a4 22. b4 axb3 23. Rxb3 Qa6 24. Nf2 Nd6 25. Rc1 Rfb8 26. Rxb8+ Rxb8 27. Ne4 Nxe4 28. Qxe4 Rb6 29. Qd3 Qa4 30. Ra1 Rb3 31. Qe2 Qa6 32. Ra2 d3 33. Qe4 Bd4+ 34. Kg2 Kf7 35. Be3 Bxe3 36. Qxe3 Qxc4 37. Kh3 Qd5 38. a4 Rb4 39. Qd2 Re4 40. Ra3 Qh5+ 0-1

[Event "Montcalm 5 2024-25"]
[Site "Quebec CAN"]
[Date "2025.03.20"]
[Round "5"]
[White "Duguay-Piron, Simon"]
[Black "Bergeron, Nicolas"]
[Result "1-0"]
[WhiteElo "1912"]
[BlackElo "1758"]
[WhiteFideId "-1"]
[WhiteFideId "-1"]
[PlyCount "51"]
[GameId "2158190158256385"]
[EventDate "2025.02.20"]
[EventType "swiss"]
[EventRounds "5"]
[EventCountry "CAN"]

1. e4 c5 2. g3 d5 3. exd5 Qxd5 4. Nf3 Nc6 5. Nc3 Qe6+ 6. Ne2 g6 7. Bg2 Bg7 8. O-O Nh6 9. d4 cxd4 10. Nexd4 Nxd4 11. Nxd4 Qd7 12. c3 O-O 13. Qb3 Nf5 14. Nf3 Rd8 15. Bf4 Qe6 16. Rad1 Rxd1 17. Rxd1 Qxb3 18. Rd8+ Bf8 19. axb3 f6 20. g4 Ng7 21. Nd2 Kf7 22. Bd5+ e6 23. Bxb7 Bxb7 24. Rd7+ Kg8 25. Rxb7 Bc5 26. Ne4 1-0

[Event "Montcalm 5 2024-25"]
[Site "Quebec CAN"]
[Date "2025.03.20"]
[Round "5"]
[White "Fecteau, Martin"]
[Black "Plante, Rejean"]
[Result "0-1"]
[WhiteElo "1726"]
[BlackElo "1957"]
[WhiteFideId "-1"]
[WhiteFideId "-1"]
[PlyCount "70"]
[GameId "2158190158256381"]
[EventDate "2025.02.20"]
[EventType "swiss"]
[EventRounds "5"]
[EventCountry "CAN"]

1. e4 c5 2. Nf3 Nc6 3. d4 cxd4 4. Nxd4 Qb6 5. Nb3 Nf6 6. Nc3 e6 7. a3 a6 8. Be3 Qc7 9. f4 d6 10. Be2 b5 11. Bf3 Bb7 12. O-O Be7 13. Qe2 O-O 14. Qf2 Rac8 15. g4 b4 16. axb4 Nxb4 17. g5 Nd7 18. Ra4 d5 19. e5 Bc6 20. Raa1 Ra8 21. Nd4 Bb7 22. Na4 Nc6 23. c3 Na5 24. b3 Bc6 25. Nxc6 Qxc6 26. Rfb1 Rab8 27. b4 Nc4 28. Bd4 a5 29. Nc5 axb4 30. cxb4 Rfc8 31. Nd3 Qb5 32. Qe2 g6 33. Kg2 Ra8 34. Rxa8 Rxa8 35. Qc2 Na3 0-1

[Event "Montcalm 5 2024-25"]
[Site "Quebec CAN"]
[Date "2025.03.20"]
[Round "5"]
[White "Fortin, Claude"]
[Black "Gagne, Louis"]
[Result "1-0"]
[WhiteElo "1470"]
[BlackElo "1223"]
[WhiteFideId "-1"]
[WhiteFideId "-1"]
[PlyCount "109"]
[GameId "2158190158264582"]
[EventDate "2025.02.20"]
[EventType "swiss"]
[EventRounds "5"]
[EventCountry "CAN"]

1. e4 c6 2. d4 d5 3. exd5 cxd5 4. Nf3 Nc6 5. Be2 Bg4 6. O-O Nf6 7. c3 e6 8. Ne5 Bxe2 9. Qxe2 Nxe5 10. dxe5 Nd7 11. f4 Be7 12. Be3 O-O 13. Nd2 a6 14. Nb3 b5 15. Rad1 Rc8 16. Rd2 Nb6 17. Bxb6 Qxb6+ 18. Qf2 Bc5 19. Nxc5 Qxc5 20. Qxc5 Rxc5 21. Rd4 Rc4 22. Rfd1 Rfc8 23. Kf2 h6 24. Ke3 a5 25. Rxc4 bxc4 26. Kd4 a4 27. a3 Rb8 28. Rd2 Kh7 29. g4 f6 30. f5 fxe5+ 31. Kxe5 exf5 32. Kxf5 Rb5 33. Ke5 Kg6 34. h4 Kf7 35. Rf2+ Kg6 36. Kd6 d4 37. cxd4 c3 38. bxc3 Rb3 39. Rc2 Rxa3 40. d5 Rb3 41. Ra2 a3 42. c4 Kf6 43. c5 g6 44. c6 Rb6 45. Rxa3 Kf7 46. Kd7 g5 47. hxg5 hxg5 48. c7 Rb7 49. Kd8 Rb5 50. d6 Rd5 51. d7 Kf8 52. c8=Q Kf7 53. Qc4 Ke6 54. Re3+ Kd6 55. Qc7# 1-0

[Event "Montcalm 5 2024-25"]
[Site "Quebec CAN"]
[Date "2025.03.20"]
[Round "5"]
[White "Gaulin, Gaetan"]
[Black "Bourassa, Louis"]
[Result "1/2-1/2"]
[WhiteElo "1894"]
[BlackElo "1486"]
[WhiteFideId "-1"]
[WhiteFideId "-1"]
[PlyCount "68"]
[GameId "2158190158256382"]
[EventDate "2025.02.20"]
[EventType "swiss"]
[EventRounds "5"]
[EventCountry "CAN"]

1. Nf3 Nf6 2. c4 e6 3. g3 d5 4. Bg2 c5 5. O-O d4 6. e3 Nc6 7. exd4 cxd4 8. Re1 Be7 9. d3 O-O 10. a3 a5 11. b3 Rb8 12. Bf4 Bd6 13. Ne5 Nxe5 14. Bxe5 b5 15. Nd2 bxc4 16. Bxd6 Qxd6 17. Nxc4 Qa6 18. Rb1 Bb7 19. Bxb7 Rxb7 20. Qd2 Rb5 21. Qf4 Rfb8 22. Qxd4 Nd5 23. Nd2 Ne7 24. Rec1 Rd5 25. Qc4 Qd6 26. Qc7 Rxd3 27. Qxd6 Rxd6 28. Nc4 Ra6 29. Kg2 Nd5 30. Kf3 g6 31. h4 h5 32. Ke2 Kg7 33. Ne3 Nxe3 34. Kxe3 Rab6 1/2-1/2

[Event "Montcalm 5 2024-25"]
[Site "Quebec CAN"]
[Date "2025.03.20"]
[Round "5"]
[White "Laflamme, Simon"]
[Black "Cournoyer, Dominic"]
[Result "1/2-1/2"]
[WhiteElo "1758"]
[BlackElo "1925"]
[WhiteFideId "-1"]
[WhiteFideId "-1"]
[PlyCount "79"]
[GameId "2158190158256380"]
[EventDate "2025.02.20"]
[EventType "swiss"]
[EventRounds "5"]
[EventCountry "CAN"]

1. d4 Nf6 2. c4 e5 3. e3 Bb4+ 4. Bd2 Bxd2+ 5. Nxd2 exd4 6. exd4 O-O 7. Bd3 Re8+ 8. Ne2 d5 9. O-O Nc6 10. c5 Bg4 11. f3 Qe7 12. Bb5 Bd7 13. Nb3 Qe3+ 14. Kh1 h5 15. Nc3 h4 16. Qc1 Qe6 17. Qg5 h3 18. g3 a6 19. Bxc6 Bxc6 20. Kg1 Bb5 21. Nxb5 axb5 22. Qd2 Qf5 23. a3 Re6 24. Rae1 Rae8 25. Rxe6 Rxe6 26. Nc1 c6 27. Nd3 Nd7 28. g4 Qf6 29. Nf4 Qh6 30. Qc1 Re8 31. Nd3 Qg6 32. Re1 Rxe1+ 33. Nxe1 Qe6 34. Kf2 f5 35. Qe3 Qf6 36. Qe8+ Nf8 37. Qe5 Qxe5 38. dxe5 f4 39. Nd3 g5 40. Ke2 1/2-1/2

[Event "Montcalm 5 2024-25"]
[Site "Quebec CAN"]
[Date "2025.03.20"]
[Round "5"]
[White "Miskic, Zdenko"]
[Black "Dube, Dominic"]
[Result "0-1"]
[WhiteElo "1582"]
[BlackElo "1841"]
[WhiteFideId "-1"]
[WhiteFideId "-1"]
[PlyCount "40"]
[GameId "2158190158256383"]
[EventDate "2025.02.20"]
[EventType "swiss"]
[EventRounds "5"]
[EventCountry "CAN"]

1. e4 c6 2. Nf3 d5 3. e5 Bf5 4. Nh4 Bg6 5. Nxg6 hxg6 6. d4 e6 7. c3 Nd7 8. b4 a5 9. b5 c5 10. Be3 cxd4 11. cxd4 Nh6 12. a4 Nf5 13. g4 Nxe3 14. fxe3 Qh4+ 15. Kd2 Bb4+ 16. Nc3 Rc8 17. Rc1 Nb6 18. Qb3 Qf2+ 19. Kd3 Nc4 20. Nd1 Qd2# 0-1

[Event "Montcalm 5 2024-25"]
[Site "Quebec CAN"]
[Date "2025.03.20"]
[Round "5"]
[White "Perreault, Jacquelin"]
[Black "Berube, Antoine"]
[Result "0-1"]
[WhiteElo "1783"]
[BlackElo "2197"]
[WhiteFideId "-1"]
[WhiteFideId "-1"]
[PlyCount "74"]
[GameId "2158190158256378"]
[EventDate "2025.02.20"]
[EventType "swiss"]
[EventRounds "5"]
[EventCountry "CAN"]

1. e4 c5 2. Nf3 Nc6 3. d4 cxd4 4. Nxd4 e5 5. Nb5 d6 6. N1c3 a6 7. Na3 Be7 8. Bd3 b5 9. Nd5 Nf6 10. Nxe7 Qxe7 11. Bg5 O-O 12. O-O h6 13. Bh4 g5 14. Bg3 Be6 15. Re1 Rad8 16. c4 bxc4 17. Bxc4 d5 18. exd5 Bxd5 19. Bxd5 Rxd5 20. Qa4 Qb7 21. Rac1 Nb4 22. Qb3 Re8 23. Nc4 Qe7 24. Ne3 Rd3 25. Qc4 Kh7 26. Nf5 Qe6 27. Qxe6 fxe6 28. Bxe5 exf5 29. Bxf6 Rxe1+ 30. Rxe1 Nxa2 31. h3 Rd6 32. Re7+ Kg6 33. Be5 Rd1+ 34. Kh2 f4 35. Re6+ Kf5 36. Rxa6 Nb4 37. Rb6 Nd5 0-1